00605nam a2200169 a 4500003000500000005001700005008004100022020001800063050002700081082002600108100002000134245012300154250001300277260005200290300004800342650004500390PILC20150112093429.0100713s19uu xx 00 eng d a9780619254773 aHF 5548.4b.SH545 2006 aCSF 005.46b.Sh4 2006 aShelly, Gary B. aMicrosoft office 2003 :bIntroductory concepts and techniques.cGary B. Shelly, Thomas J. Cashman, Misty E. Vermaat ;  a2nd. ed. aBoston, MA :bThomson Course Technology,c2006. a740 pages :bcolored illustration ;c28 cm. aMicrosoft office 2003xComputer software